000 00812nam a22002532 4500
001 0000002303
005 20151217151848.0
008 070410s xx 000 0 eng d
040 _aKABU
_cKABU
050 0 _aHF5686
_b.I56M84 1991
100 1 _aMueller, Gerhard G.
_@0000151629
245 1 0 _aAccounting :
_ban international perspective /
_cG. G. Mueller, Helen Gernon, Gary Meek.
250 _a2nd ed.
260 _aBoston :
_bIrwin,
_c1991.
300 _a145 p.
500 _aphotocopy.
650 0 _aInternet business enterprises
_xAccounting.
_@0000151630
700 1 _aGernon, Helen.
_@0000151631
700 1 _aMeek, Gary.
_@0000151632
908 _a070410
950 _@1
999 _c5774
_d5774